Top 50 personnalités préférées des Français 2024 - Statistiques

Statistiques générales
  • Ce quiz a été pris 642 fois
  • Le résultat moyen est 14 sur 50
Statistiques - réponses
Métier Personnalité % Correct
Sportif Kylian Mbappé
83%
Astronaute Thomas Pesquet
81%
Cuisinier Philippe Etchebest
67%
Agent Immobilier Stéphane Plaza
67%
Acteur Omar Sy
64%
Chanteur Jean-Jacques Goldman
63%
Sportif Antoine Griezmann
61%
Acteur Jean Dujardin
43%
Sportif Zinédine Zidane
43%
Chanteur Vianney
42%
Chanteur Florent Pagny
40%
Sportif Olivier Giroud
40%
Chanteuse Louane
39%
Sportif Teddy Riner
39%
Politicien Jordan Bardella
34%
Chanteur Soprano
34%
Cuisinier Cyril Lignac
31%
Humoriste Gad Elmaleh
30%
Chanteur Michel Sardou
29%
Actrice Marion Cotillard
28%
Humoriste Florence Foresti
27%
Chanteuse Zazie
27%
Sportif Antoine Dupont
26%
Acteur Christian Clavier
24%
Chanteur Francis Cabrel
24%
Présentateur Jean-Luc Reichmann
23%
Acteur Dany Boon
22%
Chanteur Renaud
22%
Actrice Sophie Marceau
22%
Acteur Kad Merad
21%
Présentatrice Karine Lemarchand
21%
Chanteuse Mylène Farmer
18%
Actrice Mimie Mathy
17%
Acteur Jean Reno
16%
Chanteur Julien Doré
15%
Actrice Alexandra Lamy
14%
Acteur Franck Dubosc
14%
Acteur Alain Chabat
13%
Actrice Virginie Efira
13%
Chanteuse Vanessa Paradis
11%
Chanteur Alain Souchon
10%
Chanteuse Nolwenn Leroy
10%
Présentateur Stéphane Bern
10%
Journaliste Faustine Bollaert
9%
Chanteur Grand Corps Malade
8%
Actrice Josiane Balasko
8%
Présentatrice Evelyne Dhéliat
7%
Actrice Audrey Fleurot
6%
Actrice Valérie Lemercier
6%
Chanteuse Françoise Hardy
5%
Aucun quiz correspondant
Distribution des résultats
% des personnes avec chaque résultat
Percentile par nombre de réponses
Votre historique - résultats
Vous n’avez pas pris ce quiz